| 000 | 00489nam a2200193 a 4500 | ||
|---|---|---|---|
| 001 | 3476 | ||
| 005 | 20140414132117.0 | ||
| 008 | 040603s19uu xx 00 eng d | ||
| 020 | _a | ||
| 050 |
_aREF 031.02 _bEL2 2003 |
||
| 100 | _aEldin, Peter | ||
| 245 |
_a500 fantastic facts / _cby Peter Eldin. |
||
| 260 |
_aEngland : _bGrandreams, _c[n.d.] |
||
| 300 | _a90 p. ; ill. ; cm. | ||
| 650 | _aFacts. | ||
| 650 | _aWorld records. | ||
| 650 | _aMiscellanous facts. | ||
| 999 |
_c114960 _d114960 |
||